000 00685nam a22002177a 4500
999 _c4603
_d4603
003 AR-CdUCM
008 190311b ||||| |||| 00| 0 spa d
040 _aMUNICIPALIDAD PROVINCIAL DEL CUSCO
_cBIBLIOTECA MUNICIPAL DEL CUSCO
082 _a869.33 /
_bAR69
100 _aArenas, Braulio
_910183
245 _aDiscurso del gran poder /
260 _aSantiago de Chile :
_bEdiciones Revista Atenea,
_c1961.
300 _a[s.n] ;
_c18.5 cm.
500 _aDonación de la familia Nieto.
650 _aPoesía - Chile
_914364
650 _aPoetas chilenos
_914365
650 _aPoesía chilena
_95520
650 _aPoesía - Siglo XX
_91708
942 _2ddc
_cLIBROS
945 _alccs